书目信息 |
| 题名: |
中国文化史研究
|
|
| 作者: | 张昭军 主编 | |
| 分册: | 2024年第1期 | |
| 出版信息: | 北京 商务印书馆 2024.06 |
|
| 页数: | 219页 | |
| 开本: | 26cm | |
| 丛书名: | ||
| 单 册: | ||
| 中图分类: | K203 | |
| 科图分类: | ||
| 主题词: | 文化史--研究--中国 | |
| 电子资源: | ||
| ISBN: | 978-7-100-23950-9 | |
| 000 | 01024nam0 2200253 450 | |
| 001 | 01211937 | |
| 005 | 20251022201144.69 | |
| 010 | @a978-7-100-23950-9@dCNY98.00 | |
| 100 | @a20240809d2024 em y0chiy0120 ea | |
| 101 | 0 | @achi@eeng |
| 102 | @aCN@b110000 | |
| 105 | @ay z 000yy | |
| 106 | @ar | |
| 200 | 1 | @a中国文化史研究@9zhong guo wen hua shi yan jiu@h2024年第1期@e创刊号@f张昭军主编 |
| 210 | @a北京@c商务印书馆@d2024.06 | |
| 215 | @a219页@d26cm | |
| 300 | @a北京师范大学历史学院 中国史学会传统文化专业委员会主办 | |
| 304 | @a英文共同题名:Studies in Chinese cultural history | |
| 330 | @a本书设有“专题研究”“文化史家”“文化史理论”三个栏目,收录了《发现小人儒——古今释“需”辨正》《重建“中国”的原理——宋代正统论的兴起、论争和流变》《筚路蓝缕 以启山林——龚书铎先生与中国近代文化史研究》《走进朱维铮先生特立独行的学问世界》等文章。 | |
| 606 | 0 | @a文化史@x研究@y中国 |
| 690 | @aK203@v5 | |
| 701 | 0 | @a张昭军@9zhang zhao jun@4主编 |
| 801 | 0 | @aCN@c20250905 |
| 905 | @a河南城建学院图书馆@dK203@ZZ242:1@f1 | |
| 中国文化史研究.2024年第1期:创刊号/张昭军主编.-北京:商务印书馆,2024.06 |
| 219页;26cm |
| 北京师范大学历史学院 中国史学会传统文化专业委员会主办 |
| ISBN 978-7-100-23950-9:CNY98.00 |
| 本书设有“专题研究”“文化史家”“文化史理论”三个栏目,收录了《发现小人儒——古今释“需”辨正》《重建“中国”的原理——宋代正统论的兴起、论争和流变》《筚路蓝缕 以启山林——龚书铎先生与中国近代文化史研究》《走进朱维铮先生特立独行的学问世界》等文章。 |
| ● |
| 相关链接 |
|
|
|
正题名:中国文化史研究
索取号:K203
 
预约/预借
| 序号 | 登录号 | 条形码 | 馆藏地/架位号 | 状态 | 备注 |
| 1 | 1631625 | 216316252 | 社科库309/309社科库 106排2列3层/ [索取号:K203/] | 在馆 |